000 00572cam a2200145 4500500
005 20251012032605.0
041 _afre
042 _adc
100 1 0 _aSesé, Bernard
_eauthor
245 0 0 _aBaltasar GRACIÁN, Traités politiques, esthétiques, éthiques, traduits de l’espagnol, introduits et annotés par Benito PELEGRÍN, Paris, Éd. du Seuil, 2005, 938 pages.
260 _c2006.
500 _a8
786 0 _nSigila | 18 | 2 | 2006-12-20 | p. 187-188 | 1286-1715
856 4 1 _uhttps://shs.cairn.info/revue-sigila-2006-2-page-187?lang=fr&redirect-ssocas=7080
999 _c1547733
_d1547733